00513nam a2200145Ia 4500008004100000041000800041082001700049100001800066245004500084260004800129300003200177365001100209999001700220952013000237240624s9999 xx 000 0 und d aeng a658.4052 MOV aMOVIUS HALLAM aBUILT TO WIN CREATING A WORLD CLASS NEGO c2009aBostonbHarvard Business School Press aviii, : 212 : p. : cm. ; 23 cRSb30 c14404d14404 00104070aIMTNbIMTNcRack 31-Ad2010-02-17eBWEg995.00n8248o658.4052 MOVp14404r2024-06-24 00:00:00t1w2024-06-24yBK